Detalles MARC
| 000 -CABECERA |
| campo de control de longitud fija |
01352nam a2200253 i 4500 |
| 003 - IDENTIFICADOR DEL NÚMERO DE CONTROL |
| campo de control |
DO-SdBNP |
| 005 - FECHA Y HORA DE LA ÚLTIMA TRANSACCIÓN |
| campo de control |
20231116082410.0 |
| 007 - CAMPO FIJO DE DESCRIPCIÓN FÍSICA--INFORMACIÓN GENERAL |
| campo de control de longitud fija |
ta |
| 008 - DATOS DE LONGITUD FIJA--INFORMACIÓN GENERAL |
| campo de control de longitud fija |
110413s197- ck a 000 j spa d |
| 040 ## - FUENTE DE LA CATALOGACIÓN |
| Centro catalogador/agencia de origen |
DO-SdBNP |
| Lengua de catalogación |
spa |
| Centro/agencia transcriptor |
BNPHU |
| Normas de descripción |
rda |
| 082 ## - NÚMERO DE LA CLASIFICACIÓN DECIMAL DEWEY |
| Número de documento/Ítem |
A926 |
| Número de edición |
22 |
| 100 1# - ENTRADA PRINCIPAL--NOMBRE DE PERSONA |
| Nombre de persona |
Aun Weor, Samuel |
| Fechas asociadas al nombre |
1917-1977 |
| Forma completa/desarrollada del nombre |
Víctor Manuel Gómez Rodríguez |
| 9 (RLIN) |
84645 |
| 245 10 - MENCIÓN DE TÍTULO |
| Título |
Voluntad cristo / |
| Mención de responsabilidad, etc. |
Samael Aun Weor |
| 250 ## - MENCIÓN DE EDICIÓN |
| Mención de edición |
4a. edición |
| 264 #1 - PRODUCCIÓN, PUBLICACIÓN, DISTRIBUCIÓN, FABRICACIÓN Y COPYRIGHT |
| Producción, publicación, distribución, fabricación y copyright |
[Colombia] : |
| Nombre del de productor, editor, distribuidor, fabricante |
[editor no identificado], |
| Fecha de producción, publicación, distribución, fabricación o copyright |
[197-]. |
| 300 ## - DESCRIPCIÓN FÍSICA |
| Extensión |
149 páginas |
| Dimensiones |
16 cm. |
| 336 ## - TIPO DE CONTENIDO |
| Fuente |
rdacontent |
| Término de tipo de contenido |
texto |
| Código de tipo de contenido |
txt |
| 337 ## - TIPO DE MEDIO |
| Fuente |
rdamedia |
| Nombre/término del tipo de medio |
sin mediación |
| Código del tipo de medio |
n |
| 338 ## - TIPO DE SOPORTE |
| Fuente |
rdacarrier |
| Nombre/término del tipo de soporte |
volumen |
| Código del tipo de soporte |
nc |
| 500 ## - NOTA GENERAL |
| Nota general |
Víctor Manuel Gómez Rodríguez (Bogotá, 6 de marzo de 1917 - Ciudad de México 24 de diciembre de 1977), conocido como Aun Weor (desde 1947) y como Samael Aun Weor (desde 1954), fue un esoterista, escritor y conferencista colombiano, fundador del movimiento gnóstico moderno, que algunos autores denominan neognosticismo, haciendo referencia a la época en la que diseminó su enseñanza.<br/><br/>Tras su muerte surgieron otras organizaciones que se denominan «gnósticas» ―como derivaciones del movimiento inicial que el V.M Samael Aun Weor fundó en América Latina, España y otras partes del mundo. |
| 590 ## - NOTA LOCAL (RLIN) |
| Nota local |
Inventariado, 2023/ YL |
| 910 ## - DATOS DE OPCIÓN DEL USUARIO (OCLC) |
| Datos de opción del usuario |
YLockward |
| 942 ## - ELEMENTOS DE PUNTO DE ACCESO ADICIONAL (KOHA) |
| Fuente del sistema de clasificación o colocación |
Dewey Decimal Classification |
| Tipo de ítem Koha |
Libro |